Nguyễn Bính - Nhà thơ chân quê

Sách cung cấp một số ý kiến phê bình và đánh bình giá khách quan nhất của các nhà nghiên cứu, phê bình về thơ của Nguyễn Bính - một nhà thơ còn giữ được bản chất "nhà quê" rất nhiều. Thiên nhiên cảnh vật làng quê Việt Nam chỉ l...

Ful tanımlama

Kaydedildi:
Detaylı Bibliyografya
Yazar: Nguyễn Bính
Materyal Türü: Kitap
Dil:Undetermined
Baskı/Yayın Bilgisi: Hà Nội VHTT 2000
Konular:
Etiketler: Etiketle
Etiket eklenmemiş, İlk siz ekleyin!
Thư viện lưu trữ: Trung tâm Học liệu Trường Đại học Cần Thơ
LEADER 01206nam a2200181Ia 4500
001 CTU_38265
008 210402s9999 xx 000 0 und d
082 |a 809 
082 |b B312 
100 |a Nguyễn Bính 
245 0 |a Nguyễn Bính - Nhà thơ chân quê 
245 0 |c Nguyễn Bính; Biên soạn: Thảo Linh 
260 |a Hà Nội 
260 |b VHTT 
260 |c 2000 
520 |a Sách cung cấp một số ý kiến phê bình và đánh bình giá khách quan nhất của các nhà nghiên cứu, phê bình về thơ của Nguyễn Bính - một nhà thơ còn giữ được bản chất "nhà quê" rất nhiều. Thiên nhiên cảnh vật làng quê Việt Nam chỉ là cái nền để nhà thơ bộc lộ cảm xúc mà trên đó những mối tình quê, những đời sống mộc mạc, những nhớ thương, dang dở... mới chính là bức họa đặc sắc về thơ Nguyễn Bính. 
650 |a vietnamese literature - 20th century,vietnamese poetry - history and criticism 
980 |a Trung tâm Học liệu Trường Đại học Cần Thơ